| 000 | 01356nam a2200349Ia 4500 | ||
|---|---|---|---|
| 001 | ebr10351183 | ||
| 003 | CaPaEBR | ||
| 006 | m u | ||
| 007 | cr cn||||||||| | ||
| 008 | 090209s2009 enka sb 001 0 eng d | ||
| 010 | _z 2009004108 | ||
| 020 | _z9780470022634 (cloth) | ||
| 040 |
_aCaPaEBR _cCaPaEBR |
||
| 035 | _a(OCoLC)646873228 | ||
| 050 | 1 | 4 |
_aTK8360.O68 _bK74 2009eb |
| 082 | 0 | 4 |
_a621.36 _222 |
| 100 | 1 | _aKress, B. | |
| 245 | 1 | 0 |
_aApplied digital optics _h[electronic resource] : _bmicro-optics, optical MEMS, and nanophotonics / _cBernard Kress, Patrick Meyrueis. |
| 260 |
_aChichester, West Sussex, U.K. ; _aHoboken, N.J. : _bWiley, _c2009. |
||
| 300 |
_axx, 617 p. : _bill. |
||
| 504 | _aIncludes bibliographical references and index. | ||
| 533 |
_aElectronic reproduction. _bPalo Alto, Calif. : _cebrary, _d2010. _nAvailable via World Wide Web. _nAccess may be limited to ebrary affiliated libraries. |
||
| 650 | 0 | _aOptical MEMS. | |
| 650 | 0 | _aNanophotonics. | |
| 650 | 0 | _aIntegrated optics. | |
| 650 | 0 |
_aSignal processing _xDigital techniques. |
|
| 650 | 0 | _aDiffraction gratings. | |
| 655 | 7 |
_aElectronic books. _2local |
|
| 700 | 1 | _aMeyrueis, Patrick. | |
| 710 | 2 | _aebrary, Inc. | |
| 856 | 4 | 0 |
_uhttp://site.ebrary.com/lib/rucke/Doc?id=10351183 _zAn electronic book accessible through the World Wide Web; click to view |
| 999 |
_c45824 _d45824 |
||